| 000 | 00408nam a22001697a 4500 | ||
|---|---|---|---|
| 003 | SGT | ||
| 020 | _a9789394102255 | ||
| 082 |
_a616.0757 _bR22L |
||
| 100 | _aLAKHKAR, BHUSHAN N. | ||
| 245 | _aRADIOLOGICAL PROCEDURES A GUIDLINE | ||
| 250 | _a4TH | ||
| 260 |
_aINDIA _bARYA PUB _c2022 |
||
| 300 | _a344 | ||
| 650 | _aRADIOLOGY | ||
| 653 | _aRADIOLOGICAL PROCEDURES A GUIDLINE | ||
| 942 |
_2ddc _cBK _0161 |
||
| 999 |
_c23767 _d23767 |
||